| 000 | 00603nam a2200205Ia 4500 | ||
|---|---|---|---|
| 008 | 151119s9999||||xx |||||||||||||| ||und|| | ||
| 082 | _a301.450954 | ||
| 082 | _bGKKV29939 | ||
| 100 | _aसोनवणी संजय | ||
| 245 | _aआणि पानिपत | ||
| 260 | _aपुणे | ||
| 260 | _bप्राजक्ता प्रकाशन | ||
| 260 | _c2010 | ||
| 300 | _a472p. | ||
| 600 | _aसोनवणी संजय | ||
| 630 | _aआणि पानिपत | ||
| 700 | _aसोनवणी संजय | ||
| 730 | _aआणि पानिपत | ||
| 942 | _cBOOK | ||
| 999 |
_c1082283 _d1082280 |
||